000 01122nam a2200289 4500
001 178767
003 ES-MaACL
005 20240129115651.0
008 110617s2009 sp co |||| |dspa d
020 _a978-84-8382-803-8
080 _a1 Zambrano, María
080 _a821.134.2-14"19"
100 1 _aMillán Padilla, Ascensión.
_9147230
245 1 0 _aIntuición y trascendencia en la razón poética /
_cAscensión Millán Padilla.
250 _a1ª ed. en Ediciones Idea.
260 _aSanta Cruz de Tenerife ;
_aLas Palmas de Gran Canaria :
_bIdea,
_c2009.
300 _a462 p. :
_bil. ;
_c20 cm.
490 1 _aEstudio general
504 _aBibliografía: p. 382.
505 8 _aCon una selección de poemas de Ascensión Millán Padilla, p. 385-444
600 1 4 _aZambrano, María, 1904-1991-
_xCrítica e interpretación
_9117916
600 1 4 _aMillán Padilla, Ascensión.
_9147230
830 1 _aEstudio general
_9191443
852 4 _aES-MaACL
_jA-11294
_9185628
_bR.145520
_cDEPO1
_dOlim: N-4298
_xDonación: José Esteban
942 _2udc
_cMONOGRAFIA
999 _c178767
_d178767